Airlines serving Seoul-Incheon (ICN) - Statistics

General Stats
  • This quiz has been taken 39 times
  • The average score is 42 of 86
Answer Stats
Airline % Correct
Air France
90%
KLM
90%
Korean Air
90%
Asiana Airlines
80%
Emirates
80%
Lufthansa
80%
Turkish Airlines
80%
Air China
75%
Air India
75%
Jeju Air
75%
Qatar Airways
75%
Air Canada
70%
American Airlines
70%
Cathay Pacific
70%
Delta Air Lines
70%
Etihad Airways
70%
Malaysia Airlines
70%
Singapore Airlines
70%
Aeroméxico
65%
AirAsia
65%
China Airlines
65%
EVA Air
65%
Scandinavian Airlines
65%
Swiss International Air Lines
65%
United Airlines
65%
China Eastern Airlines
60%
China Southern Airlines
60%
Ethiopian Airlines
60%
Finnair
60%
Garuda Indonesia
60%
Jetstar
60%
Vietnam Airlines
60%
Air Busan
55%
Philippine Airlines
55%
Royal Brunei Airlines
55%
Shanghai Airlines
55%
Shenzhen Airlines
55%
T'way Air
55%
XiamenAir
55%
Air Astana
50%
Beijing Capital Airlines
50%
Cebu Pacific
50%
Hainan Airlines
50%
Hawaiian Airlines
50%
LOT Polish Airlines
50%
Scoot
50%
Air Premia
45%
Shandong Airlines
45%
Sichuan Airlines
45%
SriLankan Airlines
45%
Thai Airways International
45%
Uzbekistan Airways
45%
Air Seoul
40%
HK Express
40%
Hong Kong Airlines
40%
Jin Air
40%
MIAT Mongolian Airlines
40%
Tianjin Airlines
40%
Turkmenistan Airlines
40%
VietJet Air
40%
WestJet
40%
Air Macau
35%
Spring Airlines
35%
Thai AirAsia X
35%
Virgin Atlantic
35%
Batik Air Malaysia
30%
Myanmar Airways International
30%
Thai VietJet Air
30%
9 Air
25%
Air Japan
25%
Eastar Jet
25%
Qingdao Airlines
25%
Zipair Tokyo
25%
Aero K
20%
Lao Airlines
20%
Peach Aviation
20%
Tigerair Taiwan
20%
Centrum Air
15%
China United Airlines
15%
Greater Bay Airlines
15%
Qanot Sharq
15%
SCAT Airlines
15%
Sky Angkor Airlines
15%
Aero Mongolia
10%
Parata Air
10%
Philippines AirAsia
10%
No matching quizzes found
Score Distribution
Percent of People with Each Score
Percentile by Number Answered
Your Score History
You have not taken this quiz